Music Quiz

Random Music or Album Quiz

The National - Discography Quiz Stats

 Plays Quiz not verified by Sporcle

Score 0/5 Timer 04:00
0 Plays Today
Year Album % Correct
2005Alligator
97.3%
2007Boxer
97.3%
2010High Violet
97.3%
2001The National
90.3%
2003Sad Songs For Dirty Lovers
77%

You're not logged in!

Compare scores with friends on all Sporcle quizzes.
OR
Log In

Show Comments

Extras

Top Quizzes Today


Score Distribution

Your Account Isn't Verified!

In order to create a playlist on Sporcle, you need to verify the email address you used during registration. Go to your Sporcle Settings to finish the process.

Report this User

Report this user for behavior that violates our Community Guidelines.

Details: